000 00573nam a2200193Ia 4500
005 20260114185653.0
008 008 260114s9999 xx 000 0 eng d
020 _a9781472553607
037 _aEBOOK
040 _aCRL
_beng
_cCRL
041 _aeng
_2eng
084 _qCRL
100 _aShigeto Tsuru
_9872934
245 4 _aThe Political Economy of the Environment The Case of Japan
260 _bBloomsbury
_c2012
856 _uhttps://doi.org/10.5040/9781472553607?locatt=label:secondary_bloomsburyCollections
942 _cEBOOK
999 _c1471882
_d1471882